000 00492nam a2200181 a 4500
005 20140412111238.0
008 001118s19uu xx 00 eng d
020 _a0-15-770047-X
050 _aTR(GS 707
_bH861 T.M.
100 _aHubbard, Guy
245 _aArt in action :
_bteacher's manual /
_cGuy Hubbard.
260 _aSan Diego :
_bCoronado Pub,
_c1987.
300 _a138 p.
500 _aSpiral
650 _aArt
_xStudy and teaching
650 _aArt appreciation
999 _c102576
_d102576